00822nam a22002177a 450000500170000001000150001702000260003203500140005803700090007208200120008110000240009324500900011726000660020727000760027330000200034970000270036970000290039694200260042599900190045195201340047020250822113542.0 aENG-146510 a9789364442862c750.00 aEN-130042 bDBAD a005.133 aGhosh, Vinit984235 aHR ANALYTICSc Vinit Ghosh, Shruthi J Mayur, Satwik UpadhyaybBridging Theory and pra aChennai bMcGraw Hill Education (India) Private Limitedc2026 aAnjana Complex no: 5/90 A, Butt Road, St.Thomas Mount bChennaie600016 a331pc24cm(pbk) aShruthi J Mayur984236 a Satwik Upadhyay984237 2ddccENh005.133mGHO c213095d213095 001040718NFICaDBADbDBADd2025-08-22eDBADg750.00l0o005.133 GHOpEN-130042r2025-08-22 00:00:00t1v750.00w2025-08-22yEN